<?xml version="1.0" encoding="UTF-8"?>
<marc:record xmlns:marc="http://www.loc.gov/MARC21/slim">
   <marc:leader>00000nam a2200000 a 4500</marc:leader>
   <marc:datafield ind1="1" ind2=" " tag="100">
      <marc:subfield code="a">Thomashoff, Hans-Otto</marc:subfield>
      <marc:subfield code="4">aut</marc:subfield>
      <marc:subfield code="e">Verfasser/-in</marc:subfield>
   </marc:datafield>
   <marc:datafield ind1=" " ind2=" " tag="653">
      <marc:subfield code="a">Familienerziehung</marc:subfield>
   </marc:datafield>
   <marc:datafield ind1=" " ind2=" " tag="653">
      <marc:subfield code="a">Eltern</marc:subfield>
   </marc:datafield>
   <marc:datafield ind1=" " ind2=" " tag="653">
      <marc:subfield code="a">Vorbild</marc:subfield>
   </marc:datafield>
   <marc:datafield ind1="0" ind2="0" tag="245">
      <marc:subfield code="a">Damit aus kleinen Ärschen keine großen werden</marc:subfield>
   </marc:datafield>
   <marc:datafield ind1="0" ind2="0" tag="245">
      <marc:subfield code="b">warum Eltern die besten Vorbilder sind</marc:subfield>
   </marc:datafield>
   <marc:datafield ind1="0" ind2="0" tag="245">
      <marc:subfield code="c">Thomashoff, Hans-Otto</marc:subfield>
   </marc:datafield>
   <marc:datafield ind1=" " ind2="1" tag="264">
      <marc:subfield code="a">München</marc:subfield>
      <marc:subfield code="b">Kösel</marc:subfield>
   </marc:datafield>
   <marc:datafield ind1="1" ind2=" " tag="520">
      <marc:subfield code="a">Angaben aus der Verlagsmeldung &#xD;
&#xD;
 &#xD;
&#xD;
  Damit aus kleinen Ärschen keine großen werden : Warum Eltern die besten Vorbilder sind / von Hans-Otto Thomashoff &#xD;
&#xD;
 &#xD;
Auf der Basis der modernen Hirnforschung zeigt Hans-Otto Thomashoff mit zwölf anschaulichen Fallbeispielen, wie Eltern ihren Kindern gute Vorbilder sein können.&#xD;
&#xD;
 &#xD;
Das menschliche Gehirn lernt in erster Linie aus der erlebten Erfahrung. Übertragen auf die Erziehung von Kindern heißt das: Alles, was Kinder bei ihren Eltern erleben und erfahren, prägt ihr eigenes Denken und Handeln. Ist Eltern daran gelegen, dass ihre Kinder ein glückliches und erfolgreiches Leben führen, sollten sie deshalb vor allem darauf achten, ihnen entsprechende Werte und Verhaltensweisen vorzuleben – in der Zeit mit Babys und Kleinkindern ebenso wie mit Grundschulkindern und Jugendlichen in der Pubertät.</marc:subfield>
   </marc:datafield>
   <marc:datafield ind1=" " ind2=" " tag="020">
      <marc:subfield code="a">9783466310937</marc:subfield>
      <marc:subfield code="9">9783466310937</marc:subfield>
   </marc:datafield>
   <marc:datafield ind1=" " ind2=" " tag="020">
      <marc:subfield code="a">3466310938</marc:subfield>
      <marc:subfield code="9">3466310938</marc:subfield>
   </marc:datafield>
   <marc:datafield ind1=" " ind2=" " tag="041">
      <marc:subfield code="a">ger</marc:subfield>
   </marc:datafield>
   <marc:datafield ind1=" " ind2=" " tag="338">
      <marc:subfield code="a">Band</marc:subfield>
   </marc:datafield>
   <marc:datafield ind1=" " ind2=" " tag="300">
      <marc:subfield code="a">189 Seiten</marc:subfield>
   </marc:datafield>
</marc:record>
